000 01039 a2200229 4500
001 30233
005 20260407155614.0
008 260407a2014 arg spa d
003 AR-UNSa-BCEJYS
040 _aAR-UNSa-BCEJYS
_bspa
_cAR-UNSa-BCEJYS
080 _a311.3
_xOrganización general de las estadisticas. Estadística oficial
245 1 0 _aLa confidencialidad de la información en la estadística pública
_paspectos jurídicos
020 _a978-950-896-444-1
264 1 _aBuenos Aires :
_bINDEC
_c2014
300 _a185 p.
_c25 cm.
505 _a1. Las normas - 2. Marco constitucional y doctrinario - 3. Comparaciones y vinculaciones con otros institutos jurídicos - 4. Las sanciones penales y la exoneración
041 _aspa
942 _cBK
590 _aniveau_biblio:m niveau_hierar:0
100 1 _aInstituto Nacional de Estadística y Censos (INDEC)
856 4 1 _uhttps://biblioeco.unsa.edu.ar/pmb/images/libros/La Confidencialidad de la Informacion en la Estadistica Publica-D00002.jpg
_yImagen de portada
_qimage/jpeg
999 _c2060
_d2060